|
|
|
|
| LEADER |
00000cam a2200000 7i4500 |
| 001 |
0000007371 |
| 005 |
20151222.0 |
| 008 |
070829 |
| 020 |
|
|
|a 9679352641(siri)
|
| 020 |
|
|
|a 9679352684
|
| 090 |
0 |
0 |
|a JF
|b REG MAL (8121)
|
| 100 |
0 |
|
|a Munir Ali
|
| 245 |
1 |
0 |
|a Mengenal Al-Quran
|c Munir Ali
|
| 260 |
|
|
|a Selangor :
|b Sutrapadu ,
|c 2006
|
| 440 |
|
0 |
|a Siri tauhid
|
| 500 |
|
|
|a Children ages 7-9 years old (orange)
|
| 650 |
|
0 |
|a Islamic stories, Malay
|
| 650 |
|
0 |
|a Junior fiction
|x Malay
|x Languages
|
| 999 |
|
|
|a 0000938673
|b Book
|c Children Collection
|e Cawangan Tangkak
|
| 999 |
|
|
|a 0000938674
|b Book
|c Children Collection
|e Cawangan Tangkak
|
| 999 |
|
|
|a 0000938675
|b Book
|c Children Collection
|e Cawangan Tangkak
|
| 999 |
|
|
|a 0000938676
|b Book
|c Children Collection
|e Cawangan Tangkak
|
| 999 |
|
|
|a 0000938677
|b Book
|c Children Collection
|e Cawangan Tangkak
|
| 999 |
|
|
|a 0000983663
|b Book
|c Children Collection
|e Cawangan Sri Merlong
|
| 999 |
|
|
|a 0000983664
|b Book
|c Children Collection
|e Cawangan Pontian
|
| 999 |
|
|
|a 0000983665
|b Book
|c Children Collection
|e Perbadanan Perpustakaan Awam Johor
|
| 999 |
|
|
|a 0000983666
|b Book
|c Children Collection
|e Cawangan Bandar Tenggara
|